| 000 | 00375cam a22001217a 4500 | ||
|---|---|---|---|
| 008 | 180718b1962 xxu||||| |||| 00| 0 eng d | ||
| 082 | _aQ87x42 Sh61 | ||
| 100 | _aShields, Robert W. | ||
| 245 |
_aCure of Delinquents: the treatment of Maladjusment _cby Robert W. Shields |
||
| 260 |
_aLondon _bHeinemann _c1962 |
||
| 300 | _a191p. | ||
| 650 | _aTreatment-Delinquents-Great Britain | ||
| 999 |
_c433779 _d433779 |
||